License plates in the EU - Statistics

General Stats
  • This quiz has been taken 665 times
  • The average score is 22 of 27
Answer Stats
Hint Answer % Correct
BELGIUM B
100%
AUSTRIA A
99%
GERMANY D
99%
SPAIN E
99%
ITALY I
99%
FRANCE F
98%
HUNGARY H
97%
LUXEMBOURG L
97%
SWEDEN S
97%
CZECHIA CZ
94%
MALTA M
93%
CYPRUS CY
92%
DENMARK DK
86%
GREECE GR
86%
ROMANIA RO
86%
BULGARIA BG
84%
LITHUANIA LT
83%
GREAT BRITAIN GB
81%
POLAND PL
81%
LATVIA LV
80%
SLOVAKIA SK
73%
NETHERLANDS NL
66%
CROATIA HR
65%
ESTONIA EST
55%
FINLAND FIN
53%
SLOVENIA SLO
48%
IRELAND IRL
41%
No matching quizzes found
Score Distribution
Percent of People with Each Score
Percentile by Number Answered
Your Score History
You have not taken this quiz